Loading...
| History - American History | 0 | 4 | 0 | 2 | 40 | 80 | 113.50 | 0 | 1 |
| Current Events | 0 | 3 | 0 | 2 | 30 | 111 | 122.67 | 0 | 0 |
| Literature - European Literature | 0 | 3 | 0 | 0 | 30 | 132 | 144.00 | 0 | 0 |
| Science - Biology | 0 | 2 | 0 | 2 | 20 | 123 | 124.00 | 0 | 0 |
| Science - Chemistry | 0 | 2 | 0 | 1 | 20 | 112 | 123.00 | 0 | 0 |
| Social Science | 0 | 2 | 0 | 1 | 20 | 111 | 123.00 | 0 | 0 |
| Science - Other Science | 0 | 2 | 1 | 0 | 15 | 61 | 72.00 | 0 | 2 |
| History - Other History | 0 | 2 | 1 | 1 | 15 | 113 | 123.50 | 0 | 0 |
| Other Academic | 0 | 1 | 0 | 0 | 10 | 110 | 110.00 | 0 | 0 |
| Philosophy | 0 | 1 | 0 | 1 | 10 | 141 | 141.00 | 0 | 0 |
| Science - Physics | 0 | 1 | 0 | 1 | 10 | 134 | 134.00 | 0 | 0 |
| Fine Arts - Other Fine Arts | 0 | 1 | 0 | 1 | 10 | 140 | 140.00 | 0 | 0 |
| Geography | 0 | 1 | 0 | 0 | 10 | 126 | 126.00 | 0 | 0 |
| History - European History | 0 | 1 | 0 | 1 | 10 | 140 | 140.00 | 0 | 0 |
| History - World History | 0 | 1 | 0 | 1 | 10 | 136 | 136.00 | 0 | 0 |
| Literature - American Literature | 0 | 1 | 0 | 0 | 10 | 153 | 153.00 | 0 | 0 |
| Literature - World Literature | 0 | 1 | 0 | 0 | 10 | 137 | 137.00 | 0 | 0 |